UK transport policy for the 21st century (Record no. 78298)

MARC details
000 -LEADER
fixed length control field 01074cab a2200205 4500
001 - CONTROL NUMBER
control field L136447
008 - FIXED-LENGTH DATA ELEMENTS--GENERAL INFORMATION
fixed length control field 070131n2007 000 0 eng u
035 ## - SYSTEM CONTROL NUMBER
System control number (Sirsi) u136447
041 0# - LANGUAGE CODE
Language code of text/sound track or separate title eng
110 1# - MAIN ENTRY--CORPORATE NAME
Corporate name or jurisdiction name as entry element Institute of Directors
9 (RLIN) 795
245 00 - TITLE STATEMENT
Title UK transport policy for the 21st century
Medium [electronic resource]
260 ## - PUBLICATION, DISTRIBUTION, ETC.
Date of publication, distribution, etc. 2007
520 ## - SUMMARY, ETC.
Summary, etc. Sets out the Institute of Directors' views on the main transport issues following publication of Sir Rod Eddington's transport study in December. It endorses Sir Rod's call for the government to take a strategic approach to transport, focusing on priority areas where congestion and overcrowding could potentially act as a constraint on UK economic growth and competitiveness.
590 ## - LOCAL NOTE (RLIN)
Local note KA
650 24 - SUBJECT ADDED ENTRY--TOPICAL TERM
Topical term or geographic name entry element EDDINGTON TRANSPORT STUDY
651 #4 - SUBJECT ADDED ENTRY--GEOGRAPHIC NAME
Geographic name United Kingdom
Chronological subdivision
690 ## - LOCAL SUBJECT ADDED ENTRY--TOPICAL TERM (OCLC, RLIN)
Topical term or geographic name as entry element PROPERTY-INFRASTRUCTURE-TRANSPORT INFRASTRUCTURE
856 40 - ELECTRONIC LOCATION AND ACCESS
Uniform Resource Identifier <a href="https://www.iod.com/MainWebSite/Resources/Document/policy_paper_transport_policy_2007.pdf">https://www.iod.com/MainWebSite/Resources/Document/policy_paper_transport_policy_2007.pdf</a>
Public note View the policy paper free of charge online at the www.iod.com website.
942 ## - ADDED ENTRY ELEMENTS (KOHA)
Suppress in OPAC 0
Holdings
Withdrawn status Lost status Source of classification or shelving scheme Damaged status Not for loan Home library Current library Shelving location Date acquired Total Checkouts Full call number Barcode Date last seen Copy number Price effective from Koha item type
    Dewey Decimal Classification     Virtual Virtual Online 31/01/2007   ONLINE PUBLICATION 136447-1001 06/08/2019 1 06/08/2019 Journal article